Le réve

Gorde:
Xehetasun bibliografikoak
Egile nagusia: Zola, Emile
Formatua: Liburua
Hizkuntza:Undetermined
Argitaratua: París, Francia Eugene Fasquelle 1963
Gaiak:
Etiketak: Etiketa erantsi
Etiketarik gabe, Izan zaitez lehena erregistro honi etiketa jartzen!

MARC

LEADER 00000nam a2200000Ia 4500
008 170316s9999 xx 000 0 und d
040 |a cru BVZT 
090 |a 840 Z-1r 
100 |a Zola, Emile 
245 |a Le réve 
260 |a París, Francia 
260 |b Eugene Fasquelle 
260 |c 1963 
300 |a 254 páginas 
650 |a LITERATURA FRANCESA 
999 |c 8084  |d 8084 
942 |c 15 D  |h 840 Z-1r  |2 z